| 000 | 00384 a2200157 4500 | ||
|---|---|---|---|
| 003 | Nust | ||
| 005 | 20230221101407.0 | ||
| 040 | _cNust | ||
| 082 | _a297,IQB | ||
| 100 |
_aIqbal _917522 |
||
| 245 |
_aMusanwi Pas che Bayad Kro muga Musafer / _cIqbal |
||
| 260 |
_aLahore _bSheh Gulam Ali and Sans _c1958 |
||
| 300 | _a44p; | ||
| 538 | _aAlmirah No.66 Shelf No.51 | ||
| 942 |
_2ddc _cBK |
||
| 999 |
_c196511 _d196511 |
||